| 000 | 00407 a2200157 4500 | ||
|---|---|---|---|
| 020 | _a9788120336049 | ||
| 022 | _a9788120336049 | ||
| 082 | _a338.5 | ||
| 090 |
_c3195 _d3195 |
||
| 100 | _aChauhan,S.P.S. | ||
| 245 |
_aMicroeconomics _bTheory and Applications( Part-1) _cS.P.S.Chauhan |
||
| 260 |
_aNew Delhi _bPHI Learning _c2009 |
||
| 300 | _a420p | ||
| 500 | _aPaper cover | ||
| 942 |
_aNBS _cBK _k338.5 CHA |
||
| 999 |
_c345683 _d345683 |
||